|
|
|
|
| LEADER |
00689nam a2200229Ia 4500 |
| 008 |
240829s9999 xx 000 0 und d |
| 020 |
|
|
|a 978-607-15-0712-9
|
| 040 |
|
|
|a BIBLIOTECA-RUSB/ 519.53 G984
|
| 041 |
|
|
|a spa
|
| 082 |
|
|
|a 519.53 G984
|
| 100 |
1 |
|
|a Gutiérrez Banegas, Ana
|
| 100 |
1 |
|
|b Vara Salazar, Román de la
|
| 245 |
1 |
0 |
|a Probabilidad y Estadística : enfoque por competencias
|
| 260 |
|
|
|a México
|b McGraw-Hill
|c 2012
|
| 300 |
|
|
|a 243 p. :il.
|
| 650 |
7 |
|
|a ANALISIS DE VARIANZA
|
| 650 |
7 |
|
|b DISEÑO EXPERIMENTAL - INDUSTRIA
|
| 650 |
7 |
|
|c INFERENCIA ESTADISTICA
|
| 650 |
7 |
|
|d ANALISIS FACTORIAL ANALISIS DE REGRESION
|
| 942 |
|
|
|c BK
|2 ddc
|
| 991 |
|
|
|a TEXTO
|
| 999 |
|
|
|c 1917
|